000 01621nam0a22003251 4500
001 rc\3807346
005 20120329112224.4
021 _aRU
_b[75-86764]
035 _a(NLR Aleph) 007263759
090 _a5335379
_c5335379
100 _a20120329d1975 |||y0rusy50 ca
101 0 _arus
102 _aRU
105 _aa z |||||
200 1 _aЭлектронная аппаратура и методические вопросы нейрофизиологического эксперимента
_e[Сборник статей
_fАН СССР, Ин-т высш. нервной деятельности и нейрофизиологии
_gОтв. ред. канд. техн. наук В.Г. Волков]
210 _aМосква
_cНаука
_d1975
215 _a94 с.
_cил.
_d21
225 1 _aПроблемы биологической кибернетики
300 _aРед коллегия сер.: акад. Е.Б. Бабский и др.
320 _aСписки лит. в конце статей
606 _aЭлектронные приборы
_xПрименение в физиологии
_2psbo
606 _aНервная система
_xФизиологические исследования
_xАппаратура
_2psbo
702 1 _aВолков
_bВ. Г.
_gВладимир Георгиевич
_4340
702 1 _aБабский
_bЕ. Б.
_4340
712 0 2 _aИнститут высшей нервной деятельности
_cМосква
_3RU\NLR\AUTH\8810001419
801 0 _aRU
_bNLR
_gpsbo
801 1 _aRU
_bELAR
_2rusmarc
852 _aNLR
_j76-6/774
942 _cBOOK
980 _aNB